Normal view
MARC view
- Statistical analysis for Engineers and circuits
Entry Topical Term
001 - CONTROL NUMBER
- control field: 125346
003 - CONTROL NUMBER IDENTIFIER
- control field: NUST
005 - DATE AND TIME OF LATEST TRANSACTION
- control field: 20240826103653.0
008 - FIXED-LENGTH DATA ELEMENTS
- fixed length control field: 240826|| aca||aabn | a|a d
040 ## - CATALOGING SOURCE
- Original cataloging agency: NUST
- Transcribing agency: NUST
150 ## - HEADING--TOPICAL TERM
- Topical term or geographic name entry element: Statistical analysis for Engineers and circuits
670 ## - SOURCE DATA FOUND
- Source citation: Work cat.: (NUST): J. Wesley Barnes 125345, Statistical analysis for Engineers and circuits, 1994.
